| 000 | 01110nac a22003257a 4500 | ||
|---|---|---|---|
| 001 | BR7700498 | ||
| 003 | BR-BrBNA | ||
| 005 | 20240105114021.0 | ||
| 008 | 230509b bl.|||m| |||| 00| 0 por d | ||
| 040 |
_aBR-BrBNA _bpor _cBiblioteca Nacional de Agricultura |
||
| 072 | _aF25 | ||
| 090 | _a0120 BR7700498 | ||
| 100 | 1 | _aSobral, L.F. | |
| 100 | 1 | _aBarreto, A.C. | |
| 100 | 1 | _aSouza, R.F. | |
| 100 | 1 | _aCunha, M.A.P. da | |
| 110 | 1 |
_aUnidade de Execucao de Pesquisa de Ambito Estadual de Quissama, Aracaju, SE (Brasil) _910374 |
|
| 245 | 1 | _aEfeitos de fontes e fracionamento de nitrogenio na producao do milho (Zea mays L. cv. Maia 4) | |
| 260 | 3 |
_aAracaju, SE (Brasil): _c1976. |
|
| 300 | _a8 p. | ||
| 490 |
_aComunicado Tecnico - Unidade de Execucao de Pesquisa de Ambito Estadual de Quissama (Brazil) _vno. 2 _xISSN 0100-4867 |
||
| 500 | _a7 ref.; Summaries (En, Pt) | ||
| 650 | _aADUBACAO | ||
| 650 | _aMILHO | ||
| 650 | _aFERTILIZANTE NITROGENADO | ||
| 650 | _aFERTILIZANTE FOSFATADO | ||
| 650 | _aSERGIPE | ||
| 909 |
_a202312 _bLúcia Elande _c55 _dLúcia Elande |
||
| 942 |
_2AGRIS _n0 _cMS |
||
| 999 |
_c266912 _d266912 |
||